| 000 | 00648nam a22002052 4500 | ||
|---|---|---|---|
| 001 | 0000008681 | ||
| 005 | 20151217152039.0 | ||
| 008 | 080513s xx 000 0 eng d | ||
| 020 |
_a0802817335 : _cKES 890 |
||
| 040 |
_aKABU _cKABU |
||
| 100 | 1 |
_aHasel, Gerhard F. _@0000159358 |
|
| 245 | 1 | 0 |
_aNew Testament theology : _bbasic issues in the current debate / _cGerhard F. Hasel. |
| 260 |
_aGrand Rapids : _bWm. B. Eerdmans, _c1978. |
||
| 300 | _a254 p. | ||
| 650 | 0 |
_aBible. N. T. _xTheology. _@0000159292 |
|
| 650 | 0 |
_aTheology _xMethodology. _@0000159359 |
|
| 908 | _a080513 | ||
| 950 | _@1 | ||
| 999 |
_c7689 _d7689 |
||